000 00751nam a2200169Ia 4500
008 090711s9999 xx 000 0 und d
082 _b533
100 _aवाळिंबे वि. स.
245 _aस्वातंत्र्यसंग्राम : ज्ञात आणि अज्ञात
260 _bमराठे सुप्रिया शरद
_c1998
300 _a191
600 _aवाळिंबे वि. स.
630 _aस्वातंत्र्यसंग्राम : ज्ञात आणि अज्ञात
700 _aवाळिंबे वि. स.
730 _aस्वातंत्र्यसंग्राम : ज्ञात आणि अज्ञात
942 _cBOOK
999 _c332933
_d332933